Habitat fragmentation, native insect pollinators, and feral honey bees in Argentine Chaco Serrano (Registro nro. 13769)
[ vista simple ]
| 000 -CABECERA | |
|---|---|
| Campo de control | 003860000a22001210004500 |
| 090 ## - CLASIFICACIÓN LOCAL | |
| Colección | AR |
| Consecutivo | 04669 |
| 041 0# - IDIOMA | |
| Código de idioma para texto/pista de sonido o título separado | |
| 100 1# - ASIENTO PRINCIPAL--NOMBRE PERSONAL | |
| Nombre personal | Aizen, Marcelo A. |
| 245 10 - MENCION DE TITULO | |
| Título | Habitat fragmentation, native insect pollinators, and feral honey bees in Argentine Chaco Serrano |
| 700 1# - ASIENTO SECUNDARIO - NOMBRE PERSONAL | |
| Nombre personal | Feinsinger, Peter |
| 773 1# - Item fuente: | |
| Título | Ecological applications |
| Descripción física | 2 |
| Paginas del Articulo | 378-392 |
| Lugar, editorial y fecha de publicación | 1994 |
| Información sobre la relación | 4 |
| 942 ## - ELEMENTOS ADICIONALES (KOHA) | |
| Tipo de ítem | Artículo |
| Withdrawn status | Lost status | Damaged status | No para préstamo | Colección | Ubicación Permanente | Ubicación actual | Fecha de adquisición | Fuente de Valor | Datos de publicación Seriada | Total Checkouts | Número topográfico | Inventario / Código de Barras | Date last seen | Ejemplar | Price effective from | Forma de adquisición | Tipo de material |
|---|---|---|---|---|---|---|---|---|---|---|---|---|---|---|---|---|---|
| No para Préstamo | Hemeroteca | Bogotá | Bogotá | 19/04/2010 | Escobar Sarria, Federico | Fuera de circulación | AR 04669 | 028026 | 25/03/2015 | 1 | 25/03/2015 | Artículo |